| 000 | 01088nam a22003257a 4500 | ||
|---|---|---|---|
| 001 | 8290 | ||
| 003 | FISKH | ||
| 005 | 20250908144331.0 | ||
| 008 | 250908b cb ||||| |||| 00| 0 eng d | ||
| 020 | _a9780545033077 | ||
| 040 |
_aFISKH _beng _cFISKH _dFISKH |
||
| 050 | _aC597 | ||
| 082 | _a597.3 | ||
| 100 | _aClarke, Catriona | ||
| 245 |
_aSharks / _cBy Catriona Clarke : Designed by Stephen Moncrieff : Illustrated by Adam Relf |
||
| 250 | _aFirst Scholastic printing, November 2007 | ||
| 260 |
_aNew York : _bScholastic , _c2007. |
||
| 300 |
_a32 pages : _bcolor illustrations ; _c20 cm . |
||
| 490 |
_aUsborne Beginners _vLevel 1 |
||
| 505 | _aH | ||
| 520 | _aDescribes the physical characteristics of sharks, explaining how they find food, how they are born, and why they cannot stop swimming. | ||
| 521 | 8 |
_a430
_bLexile estimate |
|
| 521 | 8 |
_aH
_bRaz-Plus |
|
| 650 |
_aSea life _vNon-fiction |
||
| 650 |
_aSciece _vNon-fiction |
||
| 650 |
_aOcean _vNon-fiction |
||
| 700 |
_aRelf, Adam _eIllustrator |
||
| 942 |
_2ddc _cBK _n0 |
||
| 999 |
_c8290 _d8290 |
||